Регионална библиотека "Любен Каравелов" - Русе

Философски размишления за съществуванието на Бога и за разликата между тялото и душата (Запис номер 135221)

MARC детайли
000 -Лидер
Контролно поле с фиксирана дължина nam a22 a 4500
003 - Код на организацията, давaща контролен номер
Контролно поле BLK
005 - Дата и час на последна редакция
Контролно поле 20201014130739.0
008 - Елементи от данни с фиксирана дължина
fixed length control field 180409b bul|||||r ||||||| ||bul||
010 ## - Наследен системен номер
LC control number KNG00141144000
040 ## - Източник на каталожния запис
Идентификатор на билиотеката - собственик на записа BLK
041 ## - Код за език
Код за езика на текст/звукозапис или на отделно заглавие Български
Код за езика КДБФ Български
072 #7 - Код за тематичната категория
Код организация bullib
Код за тематична категория Ц
Текст Редки и ценни
080 ## - УДК
Текстов определител УДК Специална метафизика
УДК код - определител по УДК 122/129
УДК - код + определител 122/129
080 ## - УДК
Текстов определител УДК Природна теология. Теодицея. Религиозна философия (Общи проблеми на религията от глед. т. на философията, без връзка с конкретно вероизповедание
УДК код - определител по УДК 21
УДК - код + определител 21
100 1# - Редна дума - Автор
Автор Декарт, Рене
Авторска отговорност първи автор
R(LIN) 364503
139 ## - Редно поле
Редна дума Декарт, Рене
Авторски знак Дек - Д 35
245 10 - Сведения за заглавието
Заглавие Философски размишления за съществуванието на Бога и за разликата между тялото и душата
Редно поле (дума) Рене Декарт; прев. от фр. В. Миролюбов; * Кръстю Котов Кръстев.
257 ## - Страна на издаване
Страна на създаване/издаване Франция
260 ## - Област на издателските данни
Година на издаване 1899
Печатница София : печ. Св. София
300 ## - Физическа характеристика
Страници 99 с.
Размери/Мащаб 19 см
380 ## - Жанр
Жанр Философия
490 ## - СЕРИИ (Колекции)
9 (RLIN) 435080
Име на серия Колекция Редки и ценни издания
500 ## - Общи забележки
Забележка В. Миролюбов - псевд. на Кръстю Котов Кръстев.
650 #4 - Допълнително описание по предмет – тема
Основно описание – тема или топоним Философия и теология
9 (RLIN) 249437
650 #4 - Допълнително описание по предмет – тема
Основно описание – тема или топоним Философия на духа
9 (RLIN) 323087
650 #4 - Допълнително описание по предмет – тема
Основно описание – тема или топоним Метафизика
9 (RLIN) 162035
653 ## - Ключова дума – ненормативна
Ключова дума философия
653 ## - Ключова дума – ненормативна
Ключова дума метафизика
653 ## - Ключова дума – ненормативна
Ключова дума човешки дух
653 ## - Ключова дума – ненормативна
Ключова дума истина
653 ## - Ключова дума – ненормативна
Ключова дума лъжа
653 ## - Ключова дума – ненормативна
Ключова дума Бог
659 ## - Тематичен бюлетин
Тематичен бюлетин Ц
700 1# - Други автори (авторска отговорност)
Лично име Миролюбов, В.
Автороска отговорност (Описва отношението между автора и произведението) прев. от фр.
Друга информация Кръстев, Кръстьо Котов
9 (RLIN) 375016
700 1# - Други автори (авторска отговорност)
Лично име Кръстев, Кръстю Котов
Автороска отговорност (Описва отношението между автора и произведението) *
9 (RLIN) 324696
852 ## - Местоположение
Форматна сигнатура Рб 899
Фондова буква Редки и ценни
856 4# - Електронен адрес и достъп
Електронен формат pdf - файл
856 4# - Електронен адрес и достъп
Електронен формат pdf - файл
999 ## - СИСТЕМНИ КОНТРОЛНИ НОМЕРА
Koha biblionumber 135221
Koha biblioitemnumber 135221
942 ## - АРТИКУЛИ
Вид на библиотечния материал Книги
Скрит в OPAC Не
Периодичен библиозапис Да
944 ## - СЪЗДАВАНЕ И РЕДАКЦИЯ на ЗАПИСА
Създаване/Редакция Създаване
Дата на регистрацията/редакция 20.03.2013
Статус, дата на статуса 20.03.2013 - от С1,Р / 20.03.2013
Служител, извършил регистрацията/редакцията Наталия_Медовщикова
944 ## - СЪЗДАВАНЕ И РЕДАКЦИЯ на ЗАПИСА
Създаване/Редакция Редакция
Дата на регистрацията/редакция 20.03.2013
Статус, дата на статуса 20.03.2013 - от С1,Р / 20.03.2013
999 ## - СИСТЕМНИ КОНТРОЛНИ НОМЕРА
Koha biblioitemnumber 135221
Наличности
Код за отписване Код за изгубен артикул Източник на класификационната схема Код за повреда Коз за рестрикции Код за отдаване Артикулен № Име на библиотеката - собственик Име на библиотеката, в която се намира в момента Статус (Текущо местоположение) Дата на вписване в системата Местоположение - отдел Цена в лева Инвентарен номер Систематично азбучна сигнатура Баркод Номер на екземпляра Цена в евро Служебна бележка Служебен тип на артикула
  Не е изгубен Universal Decimal Classification Не е повреден само за читалня Специални фондове ( старопечатни, редки и ценни, фонд М. Арнаудов) 221059 Регионална библиотека "Любен Каравелов" Русе Регионална библиотека "Любен Каравелов" Русе Редки и ценни 1899-01-01 Редки и ценни 0.08 15970 Рб 899 900000036376 1 0.04 N: стар фонд Дата инв: 16.12.2016 Бележки инв: Рц2016 Книги
Vip Innovations Ltd, Rousse, Bulgaria 2025